MARC

LEADER 00000nam0a2200000 4500
001 326226
005 20231102003836.0
035 |a (RuTPU)RU\TPU\book\351861 
090 |a 326226 
100 |a 20161220d1979 m y0rusy50 ca 
101 0 |a rus 
102 |a RU 
105 |a a z 001zy 
200 1 |a Химия в быту  |f А. М. Юдин, В. Н. Сучков 
205 |a 3-е изд., перераб. 
210 |a Москва  |c Химия  |d 1979 
215 |a 208 с.  |c ил. 
606 1 |a Химия в быту  |2 stltpush  |3 (RuTPU)RU\TPU\subj\17383  |9 43042 
610 1 |a стирка 
610 1 |a химчистки 
610 1 |a окраска 
610 1 |a ткани 
610 1 |a уборка 
610 1 |a полезные советы 
610 1 |a кухня 
610 1 |a дезинфекция 
610 1 |a ремонт 
610 1 |a окраска 
610 1 |a автомобили 
610 1 |a цветоводство 
675 |a 648  |v 4 
700 1 |a Юдин  |b А. М.  |g Анатолий Михайлович 
701 1 |a Сучков  |b В. Н.  |g Владимир Николаевич 
801 1 |a RU  |b 63413507  |c 20161220 
801 2 |a RU  |b 63413507  |c 20200710  |g RCR 
942 |c BK